000 00567nam a22001817a 4500
005 20260205094706.0
008 260205b |||||||| |||| 00| 0 eng d
020 _a978-0-1344-6397-1
100 _aCARRANO, FRANK M.
245 _aDATA ABSTRACTION AND PROBLEM SOLVING WITH C++
_bWALLS AND MIRRORS
250 _a7TH ED
260 _aNEW JERSEY
_bPEARSON EDUCATION
_c2017
300 _aXXIV, 839P.
500 _aINCLUDES INDEX
650 _a1. C++(COMPUTER PROGRAM LANGUAGE) 2. PROBLEM SOLVING - DATA PROCESSING
700 _aHENRY, TIMOTHY M.
942 _2lcc
_cBK
999 _c216546
_d216546